[Event "ENCI Limburg-open C"]
[Site "Maastricht"]
[Date "2009.05.31"]
[Round "4"]
[White "Arns, Danny"]
[Black "Van der Werff, Silvia"]
[Result "1-0"]
[WhiteElo "1438"]
[BlackElo "1259"]
[PlyCount "91"]
[EventDate "2009.05.29"]
[EventType "swiss"]
[EventRounds "7"]
[EventCountry "NED"]
[Source "P.Boonen"]
[SourceDate "2010.01.01"]

1. e4 d5 2. exd5 Qxd5 3. Nc3 Qd6 4. d4 Nf6 5. Nf3 a6 6. Bg5 Nc6 7. Be2 Bf5 8.
Qd2 e6 9. Nh4 Bg6 10. Nf3 Be7 11. O-O O-O 12. Rad1 Rad8 13. Bf4 Qd7 14. a3 Rfe8
15. Rfe1 Bd6 16. Bg5 e5 17. Bxf6 gxf6 18. dxe5 fxe5 19. Bd3 Qg4 20. Qg5 Qe6 21.
Bxg6 hxg6 22. Nd5 Ne7 23. Nf6+ Kg7 24. Nxe8+ Rxe8 25. Nxe5 Nf5 26. Nf3 Qd7 27.
Rxe8 Qxe8 28. Qd2 Qe7 29. Nd4 Nxd4 30. Qxd4+ Kg8 31. Qe3 Qd7 32. Re1 Kg7 33. c3
Qb5 34. Qd4+ Kh6 35. h4 Kh7 36. c4 Qf5 37. b4 Qd7 38. g3 Qf5 39. Re8 Be5 40.
Qxe5 Qxe5 41. Rxe5 Kg7 42. Re7 c6 43. Rxb7 Kf6 44. Rb6 Ke6 45. Rxc6+ Kd7 46.
Rxa6 1-0

[Event "ENCI Limburg-open C"]
[Site "Maastricht"]
[Date "2009.05.31"]
[Round "4"]
[White "Beukema, Jasper"]
[Black "Bok, Gidius"]
[Result "0-1"]
[WhiteElo "858"]
[BlackElo "1482"]
[PlyCount "58"]
[EventDate "2009.05.29"]
[EventType "swiss"]
[EventRounds "7"]
[EventCountry "NED"]
[Source "P.Boonen"]
[SourceDate "2010.01.01"]

1. e4 e5 2. Nf3 Nc6 3. Bc4 Nf6 4. Ng5 d5 5. exd5 b5 6. Bb3 Nd4 7. Nc3 Nxb3 8.
axb3 Nxd5 9. Qf3 Be6 10. d3 Nxc3 11. bxc3 Bd5 12. Qf5 f6 13. Ne4 Bd6 14. O-O
O-O 15. Qh5 Bxe4 16. dxe4 Qe8 17. Qg4 Qc8 18. Qg3 f5 19. Bh6 Rf7 20. exf5 Qxf5
21. Be3 Qxc2 22. Bxa7 Qxb3 23. Rab1 Qc4 24. Be3 Qxc3 25. Rxb5 Ra1 26. Rbb1 Rxb1
27. Rxb1 Rf8 28. Rc1 Qd3 29. Rc6 Qd1# 0-1

[Event "ENCI Limburg-open C"]
[Site "Maastricht"]
[Date "2009.05.31"]
[Round "4"]
[White "Boer, Jan"]
[Black "Heijltjes, Thijs"]
[Result "1-0"]
[WhiteElo "1663"]
[BlackElo "1450"]
[PlyCount "123"]
[EventDate "2009.05.29"]
[EventType "swiss"]
[EventRounds "7"]
[EventCountry "NED"]
[Source "P.Boonen"]
[SourceDate "2010.01.01"]

1. d4 e6 2. e4 Nf6 3. Bg5 Be7 4. Nd2 d6 5. Ngf3 Nfd7 6. Bf4 c5 7. c3 Nb6 8.
Bb5+ Bd7 9. Qe2 a6 10. Bd3 Nc6 11. d5 exd5 12. exd5 Nxd5 13. Bxd6 O-O 14. Bxh7+
Kh8 15. Bxe7 Ncxe7 16. Be4 Re8 17. Ng5 Kg8 18. Qh5 Ng6 19. O-O Nf6 20. Nxf7
Nxh5 21. Nxd8 Rexd8 22. Bxg6 Nf4 23. Be4 Rab8 24. Rfd1 Be6 25. b3 Ne2+ 26. Kf1
Nxc3 27. Rdc1 Rxd2 28. Rxc3 b6 29. Rd3 Rd8 30. Rxd8+ Rxd8 31. Ke2 Re8 32. f3 c4
33. bxc4 Bxc4+ 34. Kf2 b5 35. Re1 Kf8 36. a3 Rd8 37. Bg6 Rd2+ 38. Kg3 Re2 39.
Rxe2 Bxe2 40. Be4 a5 41. Kf2 Bc4 42. Ke3 Ke7 43. Kd4 Kd6 44. g4 Bb3 45. h4 b4
46. axb4 axb4 47. g5 Bf7 48. f4 Bg8 49. h5 b3 50. Kc3 Ke7 51. h6 gxh6 52. gxh6
Kf6 53. h7 Bxh7 54. Bxh7 Kg7 55. Be4 Kf6 56. Kxb3 Ke6 57. Kc4 Kf6 58. Kd5 Ke7
59. Ke5 Kf7 60. f5 Ke7 61. f6+ Kf8 62. Ke6 1-0

[Event "ENCI Limburg-open C"]
[Site "Maastricht"]
[Date "2009.05.31"]
[Round "4"]
[White "Bokern, Paul"]
[Black "Begri, Felix"]
[Result "0-1"]
[WhiteElo "1358"]
[BlackElo "1625"]
[PlyCount "98"]
[EventDate "2009.05.29"]
[EventType "swiss"]
[EventRounds "7"]
[EventCountry "NED"]
[Source "P.Boonen"]
[SourceDate "2010.01.01"]

1. e4 e6 2. d4 d5 3. Nc3 Nc6 4. e5 f6 5. Bb5 Bd7 6. Nf3 Qe7 7. Bf4 O-O-O 8. Rc1
h6 9. h4 Qf7 10. h5 Nge7 11. Bd3 g5 12. exf6 gxf4 13. fxe7 Bxe7 14. Bg6 Qg7 15.
Qd2 Rhf8 16. Ne2 Bd6 17. Kf1 Ne7 18. Rh4 Nxg6 19. hxg6 Qxg6 20. Nxf4 Qf6 21.
Nd3 Rh8 22. Re1 Rdf8 23. Qe3 Be7 24. Nf4 Qf5 25. Nxe6 Bxe6 26. Rxh6 Rxh6 27.
Qxh6 Rf6 28. Qh8+ Bd8 29. Re2 Qf4 30. Qe8 Bd7 31. Qg8 Bb5 32. Qxd5 Bxe2+ 33.
Kxe2 Rd6 34. Qh5 Qe4+ 35. Kd2 Qf4+ 36. Ke2 b6 37. c3 Re6+ 38. Ne5 Bf6 39. Qh3
Qe4+ 40. Kd1 Qb1+ 41. Kd2 Bg5+ 42. Ke2 Qxb2+ 43. Kd3 Qb1+ 44. Kc4 Qxa2+ 45. Kd3
Kb7 46. Qf3+ Ka6 47. Qf8 Qb1+ 48. Ke2 Qc2+ 49. Kf3 Rf6+ 0-1

[Event "ENCI Limburg-open C"]
[Site "Maastricht"]
[Date "2009.05.31"]
[Round "4"]
[White "Chan, Alexander"]
[Black "Freriks, Oscar"]
[Result "0-1"]
[WhiteElo "1204"]
[BlackElo "1549"]
[PlyCount "81"]
[EventDate "2009.05.29"]
[EventType "swiss"]
[EventRounds "7"]
[EventCountry "NED"]
[Source "P.Boonen"]
[SourceDate "2010.01.01"]

1. e4 g6 2. d4 d6 3. Nf3 Bg7 4. c4 Nf6 5. Nc3 a6 6. b3 b6 7. Be2 Bb7 8. e5 Ne4
9. Nxe4 Bxe4 10. O-O O-O 11. Bb2 e6 12. Bd3 Bxd3 13. Qxd3 dxe5 14. Rad1 exd4
15. Bxd4 Nc6 16. Bxg7 Kxg7 17. Qc3+ Qf6 18. Qxf6+ Kxf6 19. Rd7 Rac8 20. Rfd1
Rfd8 21. g4 h6 22. h4 g5 23. hxg5+ hxg5 24. Kg2 e5 25. R1d5 e4 26. Nd2 Ke6 27.
Rxd8 Rxd8 28. Rxd8 Nxd8 29. Nxe4 f6 30. f3 Nc6 31. Kf2 Ke5 32. Ke3 Nb4 33. Nc3
c6 34. a4 Nc2+ 35. Kd3 Nd4 36. b4 Nxf3 37. b5 axb5 38. c5 bxc5 39. a5 Nd4 40.
a6 Ne6 41. Ne4 0-1

[Event "ENCI Limburg-open C"]
[Site "Maastricht"]
[Date "2009.05.31"]
[Round "4"]
[White "Cox, Maud"]
[Black "Metonidze, Andre"]
[Result "1-0"]
[WhiteElo "1157"]
[BlackElo "1320"]
[PlyCount "111"]
[EventDate "2009.05.29"]
[EventType "swiss"]
[EventRounds "7"]
[EventCountry "NED"]
[Source "P.Boonen"]
[SourceDate "2010.01.01"]

1. e4 d5 2. d3 dxe4 3. Nc3 Nf6 4. Bg5 Nd5 5. dxe4 Nxc3 6. Qxd8+ Kxd8 7. bxc3 g6
8. Nf3 Bg7 9. Nd4 c5 10. Nb5 a6 11. Rd1+ Bd7 12. Nd6 Rf8 13. Nxb7+ Kc7 14. Nxc5
Bxc3+ 15. Bd2 Bxd2+ 16. Rxd2 Bb5 17. e5 Bxf1 18. Rxf1 Rd8 19. e6 f6 20. Ke2
Rxd2+ 21. Kxd2 Nc6 22. Rd1 Rd8+ 23. Nd3 Nb4 24. a3 Nxd3 25. cxd3 Kb6 26. Kc3
Ka5 27. d4 Rc8+ 28. Kb3 Rb8+ 29. Ka2 Kb6 30. Rb1+ Kc7 31. Rxb8 Kxb8 32. Kb3 Kc7
33. Kc4 Kd6 34. d5 h6 35. a4 a5 36. Kb5 Kxd5 37. Kxa5 Kc5 38. f3 h5 39. Ka6 Kc6
40. a5 f5 41. f4 h4 42. h3 Kc7 43. Kb5 Kb7 44. a6+ Ka7 45. Ka5 Ka8 46. Kb6 Kb8
47. a7+ Ka8 48. Ka6 g5 49. fxg5 f4 50. Kb5 Kxa7 51. g6 f3 52. gxf3 Kb7 53. g7
Kc7 54. g8=Q Kd6 55. f4 Kd5 56. Qg5+ 1-0

[Event "ENCI Limburg-open C"]
[Site "Maastricht"]
[Date "2009.05.31"]
[Round "4"]
[White "Daemen, Jules"]
[Black "Bex, Lennert"]
[Result "1-0"]
[WhiteElo "1626"]
[BlackElo "1249"]
[PlyCount "43"]
[EventDate "2009.05.29"]
[EventType "swiss"]
[EventRounds "7"]
[EventCountry "NED"]
[Source "P.Boonen"]
[SourceDate "2010.01.01"]

1. d4 e6 2. c4 c6 3. e4 d5 4. cxd5 cxd5 5. e5 Nc6 6. Nf3 Bb4+ 7. Nc3 Nge7 8.
Bg5 Qb6 9. Bxe7 Bxe7 10. Rb1 O-O 11. Be2 f6 12. O-O fxe5 13. dxe5 Qc7 14. Rc1
Nxe5 15. Nxd5 Nxf3+ 16. Bxf3 Qd6 17. Nxe7+ Qxe7 18. Qb3 Rb8 19. Be4 b6 20. Qg3
Bb7 21. Rc7 Qb4 22. Qxg7# 1-0

[Event "ENCI Limburg-open C"]
[Site "Maastricht"]
[Date "2009.05.31"]
[Round "4"]
[White "De Ridder, Naomi"]
[Black "Callebaut, Angie"]
[Result "1-0"]
[WhiteElo "1400"]
[BlackElo "698"]
[PlyCount "63"]
[EventDate "2009.05.29"]
[EventType "swiss"]
[EventRounds "7"]
[EventCountry "NED"]
[Source "P.Boonen"]
[SourceDate "2010.01.01"]

1. e4 e5 2. Nf3 Nc6 3. Bc4 Bc5 4. c3 Nf6 5. d4 exd4 6. cxd4 Bb4+ 7. Nc3 Nxe4 8.
O-O Bxc3 9. bxc3 Nxc3 10. Qe1+ Ne7 11. Qxc3 O-O 12. Re1 d5 13. Bd3 b6 14. Ba3
a5 15. Bxe7 Qd7 16. Bxf8 Kxf8 17. Qa3+ Kg8 18. Qe7 Qxe7 19. Rxe7 Kf8 20. Rae1
Bb7 21. Rxc7 Rb8 22. Ree7 f6 23. Rxb7 Rxb7 24. Rxb7 g6 25. Rxb6 Kg7 26. Rd6 a4
27. Rxd5 h5 28. Rd7+ Kh6 29. Nh4 f5 30. f4 g5 31. Bxf5 gxf4 32. Nf3 1-0

[Event "ENCI Limburg-open C"]
[Site "Maastricht"]
[Date "2009.05.31"]
[Round "4"]
[White "De Vries, Paul"]
[Black "Callebaut, Giovanni"]
[Result "1-0"]
[WhiteElo "1497"]
[BlackElo "1052"]
[PlyCount "21"]
[EventDate "2009.05.29"]
[EventType "swiss"]
[EventRounds "7"]
[EventCountry "NED"]
[Source "P.Boonen"]
[SourceDate "2010.01.01"]

1. d4 d5 2. c4 e5 3. Nf3 e4 4. Ng1 c6 5. cxd5 cxd5 6. Nc3 Nf6 7. e3 Bb4 8. Bd2
Bg4 9. Qa4+ Nc6 10. Bb5 Qb6 11. Qxb4 {Hier voerde zwart de onreglementaire zet
11...,0-0 uit, wat door beide spelers niet bemerkt werd. De partij volgde met
12.Qc5 Qc7 13.Bxc6 bxc6 14.Ne2 Qb7 15.b3 Nd7 16.Qa3 Rab8 17.0-0 Rfe8 18.Rfc1
Re6 19.Ng3 c5 20.dxc5 Ra6  21.Na4 Qb5 22.Rc2 #Qd3 23.Rac1 Nxc5 24.Qxc5 f5 25.
Qd4 Qb5 26.Rc1 h5 27.Qxg7#} 1-0

[Event "ENCI Limburg-open C"]
[Site "Maastricht"]
[Date "2009.05.31"]
[Round "4"]
[White "Elisen, Peter"]
[Black "Liston, Mike"]
[Result "1-0"]
[WhiteElo "1621"]
[BlackElo "1670"]
[PlyCount "71"]
[EventDate "2009.05.29"]
[EventType "swiss"]
[EventRounds "7"]
[EventCountry "NED"]
[Source "P.Boonen"]
[SourceDate "2010.01.01"]

1. c4 Nf6 2. Nc3 g6 3. e4 e5 4. g3 Bg7 5. Bg2 O-O 6. Nge2 d6 7. O-O Be6 8. d3
Qd7 9. Rb1 Bh3 10. f4 Nc6 11. b4 exf4 12. Bxf4 Bxg2 13. Kxg2 Ng4 14. h3 Nge5
15. Nd5 f5 16. b5 Ne7 17. Qb3 Nxd5 18. exd5 Rfe8 19. Rbe1 Kh8 20. Nd4 a6 21.
Ne6 c6 22. d4 Nf7 23. b6 cxd5 24. cxd5 Bf6 25. Rc1 Rac8 26. Rc7 Rxc7 27. bxc7
b5 28. Rc1 g5 29. Bd2 f4 30. Qc3 Rc8 31. Qc6 Qxc6 32. Rxc6 fxg3 33. Rxa6 Bxd4
34. Nxd4 Rxc7 35. Ra8+ Kg7 36. Ne6+ 1-0

[Event "ENCI Limburg-open C"]
[Site "Maastricht"]
[Date "2009.05.31"]
[Round "4"]
[White "Esser, Thomas"]
[Black "Tuerlinckx, Ben"]
[Result "1-0"]
[WhiteElo "1670"]
[BlackElo "1628"]
[PlyCount "95"]
[EventDate "2009.05.29"]
[EventType "swiss"]
[EventRounds "7"]
[EventCountry "NED"]
[Source "P.Boonen"]
[SourceDate "2010.01.01"]

1. e4 c6 2. d4 d5 3. e5 c5 4. Nf3 Nc6 5. dxc5 Bg4 6. Bb5 e6 7. Bxc6+ bxc6 8. b4
Qb8 9. Qd4 Bxf3 10. gxf3 Ne7 11. a3 Nf5 12. Qb2 a5 13. Nd2 Be7 14. f4 O-O 15.
c3 d4 16. cxd4 axb4 17. Nc4 bxa3 18. Qc3 a2 19. Qb2 Qa7 20. Nb6 Rab8 21. Rxa2
Qc7 22. Be3 Bd8 23. Qa1 Qe7 24. Ra7 Qh4 25. Kd2 Bxb6 26. cxb6 Rxb6 27. Rb1 Nxe3
28. fxe3 Qxh2+ 29. Kd3 Rxb1 30. Qxb1 Qg2 31. Qb7 h5 32. Ra6 h4 33. Qxc6 h3 34.
Qxg2 hxg2 35. Ra1 Rb8 36. Ke2 Kh7 37. Rg1 Rb2+ 38. Kf3 Kg6 39. Rxg2+ Rxg2 40.
Kxg2 f6 41. e4 Kf7 42. exf6 gxf6 43. Kf3 f5 44. exf5 exf5 45. d5 Ke7 46. Ke3
Kd7 47. Kd4 Kd6 48. Kc4 1-0

[Event "ENCI Limburg-open C"]
[Site "Maastricht"]
[Date "2009.05.31"]
[Round "4"]
[White "Frijns, Raoul"]
[Black "Mohr, Markus"]
[Result "1-0"]
[WhiteElo "1632"]
[BlackElo "1671"]
[PlyCount "37"]
[EventDate "2009.05.29"]
[EventType "swiss"]
[EventRounds "7"]
[EventCountry "NED"]
[Source "P.Boonen"]
[SourceDate "2010.01.01"]

1. d4 Nf6 2. Bg5 e6 3. e3 b6 4. Nf3 Be7 5. Bd3 Bb7 6. Nbd2 d5 7. O-O Nbd7 8.
Rc1 c5 9. c4 dxc4 10. Nxc4 Nd5 11. Bxe7 Qxe7 12. Nce5 Nxe5 13. Nxe5 O-O 14.
dxc5 bxc5 15. a3 Rfd8 16. Qc2 Nxe3 17. Bxh7+ Kf8 18. fxe3 Rd5 19. Rxf7+ 1-0

[Event "ENCI Limburg-open C"]
[Site "Maastricht"]
[Date "2009.05.31"]
[Round "4"]
[White "Geene, Joris"]
[Black "Kerssemakers, Frans"]
[Result "0-1"]
[WhiteElo "1210"]
[BlackElo "1609"]
[PlyCount "116"]
[EventDate "2009.05.29"]
[EventType "swiss"]
[EventRounds "7"]
[EventCountry "NED"]
[Source "P.Boonen"]
[SourceDate "2010.01.01"]

1. e4 e5 2. Nf3 Nc6 3. Bc4 Nf6 4. Ng5 d5 5. exd5 Nd4 6. c3 b5 7. cxd4 bxc4 8.
dxe5 Qxd5 9. exf6 Qxg5 10. Qe2+ Be6 11. Qf3 Bd5 12. Qe3+ Qxe3+ 13. fxe3 gxf6
14. Rg1 Rg8 15. g3 f5 16. Nc3 Bc6 17. Rf1 Rg5 18. b3 cxb3 19. axb3 a6 20. Ra5
Bd7 21. Ne4 Rg6 22. Re5+ Kd8 23. Nc3 Rb8 24. Rd5 Bd6 25. Ra5 Bb4 26. Ra2 Bxc3
27. dxc3 Rxb3 28. c4 Rc3 29. Ba3 Rxc4 30. Ke2 Rb6 31. Rd1 Kc8 32. Rad2 Bb5 33.
Rd8+ Kb7 34. Kf2 Rc2+ 35. Kg1 Bc6 36. R1d2 Rxd2 37. Rxd2 Rb1+ 38. Kf2 Rh1 39.
h4 Rh2+ 40. Ke1 Rxd2 41. Kxd2 Kb6 42. Kc3 Be4 43. Be7 Kb5 44. Ba3 c5 45. Bb2
Bd5 46. Ba3 a5 47. Bb2 Kc6 48. Kd2 Bb3 49. Ba3 Kd5 50. Kd3 c4+ 51. Kd2 Ke4 52.
Ke2 c3 53. Bc1 Bc4+ 54. Kf2 Kd3 55. Ke1 Bb3 56. Kf2 Kc2 57. Ba3 Kd1 58. Kf1 c2
0-1

[Event "ENCI Limburg-open C"]
[Site "Maastricht"]
[Date "2009.05.31"]
[Round "4"]
[White "Gendarme, Pierre"]
[Black "Fortenbacher, Florian"]
[Result "1-0"]
[WhiteElo "1619"]
[BlackElo "1250"]
[PlyCount "51"]
[EventDate "2009.05.29"]
[EventType "swiss"]
[EventRounds "7"]
[EventCountry "NED"]
[Source "P.Boonen"]
[SourceDate "2010.01.01"]

1. e4 e5 2. d4 exd4 3. Nf3 Nc6 4. Nxd4 Nxd4 5. Qxd4 c5 6. Qa4 g6 7. Nc3 Bg7 8.
Bf4 Ne7 9. Nb5 O-O 10. Bc7 Qe8 11. Nd6 b5 12. Bxb5 Bxb2 13. O-O Bxa1 14. Rxa1
Bb7 15. Nxe8 Rfxe8 16. Bxd7 Bc6 17. Bxc6 Nxc6 18. Qxc6 Rac8 19. Rd1 Re6 20. Qd7
Rce8 21. f3 R6e7 22. Qd6 Re6 23. Qg3 Kg7 24. Rd7 Kh6 25. Qf4+ g5 26. Qxf7 1-0

[Event "ENCI Limburg-open C"]
[Site "Maastricht"]
[Date "2009.05.31"]
[Round "4"]
[White "Gundogmus, Alaettin"]
[Black "Rodriguez, Abelardo"]
[Result "0-1"]
[WhiteElo "1541"]
[BlackElo "1398"]
[PlyCount "80"]
[EventDate "2009.05.29"]
[EventType "swiss"]
[EventRounds "7"]
[EventCountry "NED"]
[Source "P.Boonen"]
[SourceDate "2010.01.01"]

1. d4 d5 2. c4 c6 3. Nc3 Nf6 4. Bg5 Nbd7 5. e3 e6 6. Nf3 Be7 7. h3 O-O 8. c5 h6
9. Bh4 b6 10. b4 a5 11. a3 Qc7 12. Bg3 Qa7 13. Bd3 axb4 14. Nb1 bxc5 15. dxc5
Bxc5 16. O-O bxa3 17. Ne5 Nxe5 18. Bxe5 Qe7 19. Qc2 Ba6 20. Rc1 Bxd3 21. Qxd3
Rfb8 22. Qc2 Rb5 23. Nd2 Nd7 24. Bd4 Bxd4 25. exd4 c5 26. Qc3 c4 27. Nb1 Rb3
28. Qe1 Qf6 29. Rc3 Qxd4 30. Qc1 a2 31. Rxb3 cxb3 32. Nc3 Rb8 33. Qb2 Qd3 34.
Nxa2 bxa2 35. Qxa2 Qb5 36. Qc2 Qc4 37. Qd1 Rc8 38. Kh2 Qf4+ 39. Kg1 d4 40. Ra4
Rc1 0-1

[Event "ENCI Limburg-open C"]
[Site "Maastricht"]
[Date "2009.05.31"]
[Round "4"]
[White "Hebels, Alex"]
[Black "Van Steenwinckel, Hugo"]
[Result "0-1"]
[WhiteElo "1144"]
[BlackElo "1658"]
[PlyCount "40"]
[EventDate "2009.05.29"]
[EventType "swiss"]
[EventRounds "7"]
[EventCountry "NED"]
[Source "P.Boonen"]
[SourceDate "2010.01.01"]

1. c4 e6 2. g3 Nf6 3. Bg2 Nc6 4. Nc3 b6 5. e4 e5 6. Nge2 Bb7 7. a3 a5 8. d3 h6
9. O-O Bc5 10. Be3 Nd4 11. Nb5 Nxb5 12. Bxc5 bxc5 13. cxb5 O-O 14. Nc3 d6 15.
Qb3 Bc8 16. f4 Rb8 17. fxe5 dxe5 18. Ne2 Qd6 19. Rfd1 Qb6 20. a4 c4+ 0-1

[Event "ENCI Limburg-open C"]
[Site "Maastricht"]
[Date "2009.05.31"]
[Round "4"]
[White "Hilverda, Jan"]
[Black "De Mon, Gino"]
[Result "1/2-1/2"]
[WhiteElo "989"]
[BlackElo "1256"]
[PlyCount "92"]
[EventDate "2009.05.29"]
[EventType "swiss"]
[EventRounds "7"]
[EventCountry "NED"]
[Source "P.Boonen"]
[SourceDate "2010.01.01"]

1. e4 e5 2. Nf3 Nc6 3. d4 exd4 4. Nxd4 Nf6 5. Nc3 Bb4 6. Nxc6 bxc6 7. Qf3 Bxc3+
8. Qxc3 Nxe4 9. Qxg7 Qf6 10. Qxf6 Nxf6 11. Bh6 Rg8 12. O-O-O Ng4 13. Re1+ Kd8
14. Be3 Re8 15. Bg5+ f6 16. Rxe8+ Kxe8 17. Bh4 Kf7 18. Be2 d5 19. h3 Ne5 20.
Bg3 Bf5 21. Bh5+ Bg6 22. Bxg6+ hxg6 23. f4 Nc4 24. Re1 Re8 25. Bf2 Rxe1+ 26.
Bxe1 Ne3 27. g3 f5 28. Bf2 Nf1 29. Kd1 a6 30. Ke2 Nh2 31. Be1 Kf6 32. Kf2 g5
33. Kg2 Ng4 34. hxg4 fxg4 35. fxg5+ Kxg5 36. Bd2+ Kf5 37. Kf2 Ke4 38. Ke2 c5
39. Bf4 c6 40. Bd6 c4 41. c3 d4 42. cxd4 Kxd4 43. Bf4 Ke4 44. Bd2 Kd4 45. Bc3+
Ke4 46. Bb4 Kd4 1/2-1/2

[Event "ENCI Limburg-open C"]
[Site "Maastricht"]
[Date "2009.05.31"]
[Round "4"]
[White "Houben, Niels"]
[Black "Beukema, Chris"]
[Result "1-0"]
[WhiteElo "1243"]
[BlackElo "862"]
[PlyCount "71"]
[EventDate "2009.05.29"]
[EventType "swiss"]
[EventRounds "7"]
[EventCountry "NED"]
[Source "P.Boonen"]
[SourceDate "2010.01.01"]

1. d4 d5 2. c4 e6 3. Nc3 Nf6 4. e3 Nc6 5. Bd2 b6 6. cxd5 exd5 7. Bb5 Bb7 8. Nf3
Qd6 9. Ne5 Qe6 10. Qa4 a6 11. Bxc6+ Bxc6 12. Qxc6+ Qxc6 13. Nxc6 Bd6 14. Ne5
O-O 15. O-O Rfe8 16. Nd3 Re7 17. Ne2 Rae8 18. Bb4 Ne4 19. Bxd6 cxd6 20. Nc3 Nf6
21. Nf4 h6 22. Nfxd5 Nxd5 23. Nxd5 Re4 24. Nxb6 Rb8 25. Na4 Rb4 26. Nc3 Re7 27.
Nd5 Rxb2 28. Nxe7+ Kf8 29. Nf5 Rb5 30. Nxd6 Rb6 31. Nc4 Rc6 32. Rac1 Ke7 33.
Ne5 Rxc1 34. Rxc1 f6 35. Nf3 g5 36. g4 1-0

[Event "ENCI Limburg-open C"]
[Site "Maastricht"]
[Date "2009.05.31"]
[Round "4"]
[White "Ingelaere, Arthur"]
[Black "De Lange, Marieke"]
[Result "1-0"]
[WhiteElo "1188"]
[BlackElo "1292"]
[PlyCount "91"]
[EventDate "2009.05.29"]
[EventType "swiss"]
[EventRounds "7"]
[EventCountry "NED"]
[Source "P.Boonen"]
[SourceDate "2010.01.01"]

1. e4 e5 2. Nf3 Nc6 3. Bb5 d6 4. d4 Bd7 5. d5 Nce7 6. Bxd7+ Qxd7 7. O-O Nf6 8.
Re1 c6 9. c4 Nc8 10. Nc3 Be7 11. a4 Nb6 12. Qd3 O-O 13. a5 Nc8 14. b4 b6 15. b5
Qb7 16. a6 Qc7 17. dxc6 Rd8 18. Nd5 Nxd5 19. cxd5 Bf6 20. Bg5 Bxg5 21. Nxg5 Ne7
22. g3 h6 23. Nh3 Rf8 24. f4 f5 25. fxe5 dxe5 26. d6 Qd8 27. Qc4+ Kh8 28. dxe7
Qxe7 29. Rad1 f4 30. Rd7 Qf6 31. Rf1 Qg6 32. Kg2 Qg4 33. Rf3 h5 34. Qe2 h4 35.
Qf2 Rf6 36. Rb7 Raf8 37. c7 Rg6 38. Rb8 hxg3 39. Rxf8+ Kh7 40. hxg3 fxg3 41.
Qxg3 Qxe4 42. c8=Q Qe2+ 43. Nf2 e4 44. Qch3+ Rh6 45. Qf5+ g6 46. Qc7# 1-0

[Event "ENCI Limburg-open C"]
[Site "Maastricht"]
[Date "2009.05.31"]
[Round "4"]
[White "Keetman, Dennis"]
[Black "Ramaekers, Philippe"]
[Result "0-1"]
[WhiteElo "1675"]
[BlackElo "1570"]
[PlyCount "46"]
[EventDate "2009.05.29"]
[EventType "swiss"]
[EventRounds "7"]
[EventCountry "NED"]
[Source "P.Boonen"]
[SourceDate "2010.01.01"]

1. e4 e5 2. Nf3 Nc6 3. d4 exd4 4. c3 dxc3 5. Nxc3 Bb4 6. Bc4 d6 7. Qb3 Qe7 8.
O-O Bxc3 9. bxc3 h6 10. Bd5 Nf6 11. Qb5 Qd7 12. Re1 O-O 13. Bb3 a6 14. Qd3 Re8
15. Bf4 Ne5 16. Bxe5 dxe5 17. Qc2 b5 18. Rad1 Qe7 19. Qd2 Bb7 20. Bd5 Nxd5 21.
exd5 e4 22. Qf4 Rad8 23. Ne5 Qxe5 0-1

[Event "ENCI Limburg-open C"]
[Site "Maastricht"]
[Date "2009.05.31"]
[Round "4"]
[White "Koehorst, Andre"]
[Black "Reyskens, Jules"]
[Result "1/2-1/2"]
[WhiteElo "1682"]
[BlackElo "1642"]
[PlyCount "46"]
[EventDate "2009.05.29"]
[EventType "swiss"]
[EventRounds "7"]
[EventCountry "NED"]
[Source "P.Boonen"]
[SourceDate "2010.01.01"]

1. d4 d5 2. c4 c6 3. Bf4 Nf6 4. Nc3 Bf5 5. Qb3 Qb6 6. Qxb6 axb6 7. cxd5 Nxd5 8.
Nxd5 cxd5 9. Nf3 e6 10. a3 Nc6 11. e3 Be7 12. Bb5 O-O 13. O-O Rfc8 14. Rac1 f6
15. Bg3 Bg6 16. Rc3 Be8 17. Rfc1 Kf8 18. Ne1 Na7 19. Bxe8 Kxe8 20. Rxc8+ Rxc8
21. Rxc8+ Nxc8 22. Nd3 Kd7 23. f4 Nd6 1/2-1/2

[Event "ENCI Limburg-open C"]
[Site "Maastricht"]
[Date "2009.05.31"]
[Round "4"]
[White "Marcoen, Tom"]
[Black "Van den Bosch, Arno"]
[Result "1-0"]
[WhiteElo "1488"]
[BlackElo "976"]
[PlyCount "75"]
[EventDate "2009.05.29"]
[EventType "swiss"]
[EventRounds "7"]
[EventCountry "NED"]
[Source "P.Boonen"]
[SourceDate "2010.01.01"]

1. e4 c5 2. Nc3 a6 3. f4 Nc6 4. Nf3 d6 5. g3 Bg4 6. Bg2 Nf6 7. O-O e5 8. f5 Be7
9. d3 O-O 10. Qe1 Nb4 11. Qf2 d5 12. a3 d4 13. Nb1 Nc6 14. Nfd2 b5 15. h3 Bh5
16. g4 Bxg4 17. hxg4 Nxg4 18. Qe2 Ne3 19. Rf3 Nxc2 20. Ra2 Bg5 21. Nf1 Ne3 22.
Nxe3 dxe3 23. Bxe3 Bxe3+ 24. Qxe3 Nd4 25. Rg3 g6 26. Nc3 Kh8 27. Nd5 gxf5 28.
Qh6 Ne2+ 29. Kf2 Nxg3 30. Nf6 Qxf6 31. Qxf6+ Kg8 32. Kxg3 Rfd8 33. Bf1 f4+ 34.
Kf3 Re8 35. Bh3 Rad8 36. Ke2 Rd4 37. Ra1 Re6 38. Bxe6 1-0

[Event "ENCI Limburg-open C"]
[Site "Maastricht"]
[Date "2009.05.31"]
[Round "4"]
[White "Ooms, Bart"]
[Black "Zalewski, Arkadiusz"]
[Result "1-0"]
[WhiteElo "1739"]
[BlackElo "1414"]
[PlyCount "65"]
[EventDate "2009.05.29"]
[EventType "swiss"]
[EventRounds "7"]
[EventCountry "NED"]
[Source "P.Boonen"]
[SourceDate "2010.01.01"]

1. d4 Nf6 2. c4 e6 3. Nf3 Bb4+ 4. Bd2 Bxd2+ 5. Nbxd2 d5 6. e3 O-O 7. Bd3 b6 8.
b4 Bb7 9. a4 Nbd7 10. c5 bxc5 11. bxc5 a5 12. Ne5 Nxe5 13. dxe5 Nd7 14. Qc2
Nxe5 15. Bxh7+ Kh8 16. Bd3 Nxd3+ 17. Qxd3 Ba6 18. Qc3 c6 19. h4 Qf6 20. Qxf6
gxf6 21. Nb3 Bc4 22. Nd4 Rfc8 23. Rb1 Rab8 24. Kd2 Rb4 25. Rxb4 axb4 26. Rb1 b3
27. Kc3 Ra8 28. Ra1 b2 29. Kxb2 Ra5 30. Kc3 Rxc5 31. Kb4 Rb5+ 32. axb5 cxb5 33.
Nxb5 1-0

[Event "ENCI Limburg-open C"]
[Site "Maastricht"]
[Date "2009.05.31"]
[Round "4"]
[White "Orbons, Richard"]
[Black "De Vries, Robert"]
[Result "1-0"]
[WhiteElo "1672"]
[BlackElo "1543"]
[PlyCount "77"]
[EventDate "2009.05.29"]
[EventType "swiss"]
[EventRounds "7"]
[EventCountry "NED"]
[Source "P.Boonen"]
[SourceDate "2010.01.01"]

1. Nf3 d5 2. g3 Nf6 3. Bg2 Nbd7 4. O-O e5 5. d3 Bd6 6. Nbd2 b6 7. c4 Bb7 8.
cxd5 Bxd5 9. b3 Qe7 10. Bb2 O-O 11. Rc1 Rac8 12. Re1 c5 13. Nc4 Bb8 14. a4 Rfd8
15. Rc2 Bxc4 16. bxc4 e4 17. dxe4 Ne5 18. Qa1 Nxf3+ 19. Bxf3 Re8 20. Bg2 Be5
21. Bxe5 Qxe5 22. Qxe5 Rxe5 23. f4 Ree8 24. e5 Ng4 25. Bh3 h5 26. Bxg4 hxg4 27.
Rd2 Rcd8 28. Red1 Rb8 29. Kf2 Kh7 30. Rd7 a6 31. Rxf7 b5 32. axb5 axb5 33. cxb5
Rec8 34. Rdd7 c4 35. Rxg7+ Kh8 36. Rc7 c3 37. Rh7+ Kg8 38. Rcg7+ Kf8 39. e6 1-0

[Event "ENCI Limburg-open C"]
[Site "Maastricht"]
[Date "2009.05.31"]
[Round "4"]
[White "Rahangmetan, Derek Jan"]
[Black "Keetman, Maaike"]
[Result "0-1"]
[WhiteElo "1445"]
[BlackElo "1341"]
[PlyCount "62"]
[EventDate "2009.05.29"]
[EventType "swiss"]
[EventRounds "7"]
[EventCountry "NED"]
[Source "P.Boonen"]
[SourceDate "2010.01.01"]

1. d4 c6 2. e3 d5 3. Bd3 Nf6 4. Nd2 Bg4 5. f3 Bh5 6. c3 Nbd7 7. Qc2 e6 8. f4
Bd6 9. Ngf3 Bg6 10. Ne5 Bxd3 11. Qxd3 O-O 12. Qe2 c5 13. O-O Rc8 14. Rf3 Qe7
15. Rh3 h6 16. Qf3 Bxe5 17. fxe5 Nh7 18. e4 Ng5 19. Qg4 Nxh3+ 20. Qxh3 cxd4 21.
cxd4 Nb6 22. b3 Qb4 23. Nf3 dxe4 24. Bd2 Qb5 25. Nh4 Qd3 26. Be3 Nd5 27. Re1
Rc3 28. Kf2 Nxe3 29. Qxe3 Qxe3+ 30. Rxe3 Rxe3 31. Kxe3 g5 0-1